| 000 | 00815cam a2200265 a 4500 | ||
|---|---|---|---|
| 001 | 16929888 | ||
| 005 | 20180220033112.0 | ||
| 008 | 110818s2012 moua 001 0 eng | ||
| 010 | _a 2011035012 | ||
| 020 | _a9780323077507 (pbk. : alk. paper) | ||
| 020 | _a0323077501 (pbk. : alk. paper) | ||
| 035 | _a(DNLM)101567219 | ||
| 040 |
_aDNLM/DLC _cDLC _dDLC |
||
| 041 | _aeng | ||
| 042 | _apcc | ||
| 060 | 1 | 0 | _aQV 18.2 |
| 080 | _a615.1401513 bro | ||
| 082 | 0 | 0 |
_a615.1401513 bro _223 |
| 100 | 1 | _a4 | |
| 101 | _ashm | ||
| 245 | 1 | 0 |
_aDrug calculations : _cMeta Brown Seltzer, Joyce M. Mulholland. |
| 906 |
_a7 _bcbc _corignew _d1 _eecip _f20 _gy-gencatlg |
||
| 942 |
_2ddc _cBK |
||
| 999 |
_c42867 _d42867 |
||